000 00610cam a2200205 a 4500
001 000019845
005 20200929170148.0
008 800215s1927 fr 000 1 fre d
040 _aDO-SdBNP
_bfre
_cDLC
_dBNPHU
082 _a844.9
_bD779j, 1927
100 1 _aDrieu La Rochelle, Pierre,
_d1893-1945.
_942355
245 1 3 _aLe jeune europeen /
_cDrieu la Rochelle.
250 _a4a ed.
260 _aParis :
_bGallimard,
_c1927.
300 _a208 p. ;
_c19 cm.
650 4 _aEnsayos franceses
_92545
650 4 _aLiteratura francesa
_ySIGLO XX
_94232
910 _aCatalogación derivada / LC
049 _aBNGR
999 _c19358
_d19358